<?xml version="1.0" encoding="UTF-8"?>
<collection xmlns="http://www.loc.gov/MARC21/slim">
  <record>
    <leader>00000nam  2200000   4500</leader>
    <controlfield tag="001">INLIS000000000011645</controlfield>
    <controlfield tag="005">20211206075445</controlfield>
    <datafield tag="035" ind1="#" ind2="#">
      <subfield code="a">0010-1221000054</subfield>
    </datafield>
    <controlfield tag="007">ta</controlfield>
    <controlfield tag="008">211206################|##########|#|##</controlfield>
    <datafield tag="082" ind1="#" ind2="#">
      <subfield code="a">R. 05.3_2021.111</subfield>
    </datafield>
    <datafield tag="084" ind1="#" ind2="#">
      <subfield code="a">R. 05.3_2021.111 HAS m</subfield>
    </datafield>
    <datafield tag="100" ind1=" " ind2="#">
      <subfield code="a">Hasnah, A.MD.Keb</subfield>
    </datafield>
    <datafield tag="245" ind1="1" ind2="#">
      <subfield code="a">Mensolis KB MKJP :</subfield>
      <subfield code="b">Meningkatkan Sosialisasi Mengenai KB Metode Kontrasepsi Jangka Panjang (MKJP) Puskesmas Bontotiro /</subfield>
      <subfield code="c">Hasnah, A.MD.Keb</subfield>
    </datafield>
    <datafield tag="250" ind1="#" ind2="#">
      <subfield code="a">1</subfield>
    </datafield>
    <datafield tag="260" ind1="#" ind2="#">
      <subfield code="a">Makassar :</subfield>
      <subfield code="b">Puslatbang KMP LAN,</subfield>
      <subfield code="c">2021</subfield>
    </datafield>
    <datafield tag="300" ind1="#" ind2="#">
      <subfield code="a">iii,102 ;</subfield>
      <subfield code="c">21x15</subfield>
    </datafield>
    <datafield tag="700" ind1=" " ind2="#">
      <subfield code="a">Mentor : Nasiruddin, SKM, M.Kes &amp; Coach : Andi Wahyudin, SE, M.Si</subfield>
    </datafield>
    <datafield tag="856" ind1="#" ind2="#">
      <subfield code="a">Puslatbang KMP LAN RI Makassar</subfield>
    </datafield>
  </record>
</collection>
